000 01093nam0a22002411i 4500
001 rc\4794625
005 20240724123114.0
021 _aRU
_b[63-18849]
035 _a(NLR Aleph) 008790005
090 _a8035031
_c8035031
100 _a20130426d1963 |||y0rusy50 ca
101 0 _arus
102 _aRU
105 _ay d |||||
200 1 _aРеволюционные мероприятия в совершенствовании форм хозяйственного руководства
_e(На примере Совета нар. хозяйства Груз. ССР)
_eАвтореферат дис. на соискание учен. степени кандидата экон. наук
_fТбилис. гос. ун-т
210 _aТбилиси
_cИзд-во Тбилис. ун-та
_d1963
215 _a38 с.
_d22
320 _aСписок работ автора, в конце текста (10 назв.)
700 1 _aЧоговадзе
_bГ.И.
_gГеоргий Ираклиевич
801 0 _aRU
_bNLR
_gpsbo
801 1 _aRU
_bELAR
_2rusmarc
852 _aNLR
_j63-6/4962
942 _cBOOK